[Event "Belgrade Super"]
[Site "Belgrade"]
[Date "1996.??.??"]
[Round "4"]
[White "Salov, Valery"]
[Black "Leko, Peter"]
[Result "1-0"]
[WhiteElo "2670"]
[BlackElo "2625"]
[Annotator "Salov,V"]
[PlyCount "97"]
[EventDate "1996.02.??"]
[EventType "tourn"]
[EventRounds "11"]
[EventCountry "YUG"]
[EventCategory "16"]
[SourceTitle "CBM 052"]
[Source "ChessBase"]
[SourceDate "1996.06.01"]
[SourceVersion "1"]
[SourceVersionDate "1996.06.01"]
[SourceQuality "1"]

1. d4 {Ftacnik Hecht Mowsziszian,K Leko} Nf6 2. c4 g6 3. Nc3 d5 4. cxd5 Nxd5 5.
e4 Nxc3 6. bxc3 Bg7 7. Bb5+ (7. Be3 {Mowsziszian,K} Bd7 $146 8. Rb1 (8. Be2 c5
9. Nf3 cxd4 10. cxd4 Bc6 11. d5 Bd7 12. Rb1 Qa5+ 13. Bd2 Qxa2 14. Rxb7 Na6 15.
Rxd7 Kxd7 16. Bb5+ Kd8 $13) 8... O-O 9. Rxb7 Bc6 $15 {/\Be4}) 7... Bd7 8. Be2
c5 9. Nf3 cxd4 10. cxd4 Bc6 11. Qd3 O-O 12. O-O e6 $1 (12... Nd7 13. Rb1 e6 14.
Ba3 Re8 15. d5 $1 $16) 13. Bg5 $5 (13. Bf4 Nd7 14. Rac1 (14. Bd6 Re8 15. e5 Nb6
$1 $13) (14. Qe3 {Leko} Nf6 15. Nd2 Qe7 $10) 14... Nf6 15. Nd2 Qe7 16. Qe3 Rfd8
{was equal in Beliavsky-Ivanchuk, Dortmund 1995} (16... Rfd8 17. Be5 Bf8 $5 18.
Nb3 Nd7 19. Bf4 Qa3 20. Rfd1 Re8 21. Rc2 e5 $1 22. dxe5 Nxe5 {0-1 Beliavsky,
A-Ivanchuk,V/Dortmund (04)/1995/ (32)})) 13... Qd6 {After the game Peter was
critical about this move and suggested 13...Qa5 as an improvement.} (13... Qa5
$5 14. Qe3 (14. Bd2 Qa6 15. Qe3 Bb5 16. Bxb5 Qxb5 17. Rab1 Qa6 18. Qb3 Nc6 19.
d5 exd5 20. exd5 Nd4 21. Nxd4 Bxd4 22. Bh6 Rfd8 23. Bg5 Rd7 {0-1 Klingelhoefer,
S-Chandler,P/OLO-B 9293/1993/ (49)}) 14... Nd7 15. h4 (15. Rfe1 Rac8 16. h3
Rfe8 17. Bf1 Bb5 18. Bxb5 Qxb5 19. Bh6 b6 20. Bxg7 Kxg7 21. Qa3 a5 22. Rab1 Qc6
23. Rbc1 Qb7 {Tseitlin,MS-Plachetka,J/Ostrava (5)/1991/0-1 (59)}) 15... Rfe8
16. h5 f6 17. Bf4 gxh5 18. e5 Bxf3 {1/2-1/2 Zsu.Polgar-Kortchnoi, Royan 1988})
14. Qe3 {Leko: Mit seinem starken Bauernzentrum besitzt Weiß einen kleinen,
aber dauerhaften Vorteil. Das Problem ist, daß Schwarz überhaupt kein
Gegenspiel erhält.} Nd7 15. Rac1 Rfe8 16. Rfe1 Rac8 17. h4 {Mowsziszian: ! Das
ist eine bekannte Grünfeld-Struktur. Weiß nutzt den Vorteil im Zentrum, um am
Königsflügel anzugreifen.} Qf8 $1 (17... Bf8 $5 18. Bf4 Qa3) 18. Bf1 $1 (18. h5
h6 $8 19. hxg6 hxg5 20. Nxg5 fxg6 21. Qh3 Qf4 $1 22. Qh7+ (22. Nxe6 Qh6 $1)
22... Kf8 23. Qxg6 Bxd4 $1 $132) 18... h6 $1 (18... Nf6 19. Ne5 $1) 19. Bf4 Nf6
(19... Kh7 $5 $14 {Leko}) 20. Be5 $1 $14 Red8 (20... Ba4 $5) (20... Ng4 {Leko}
21. Bxg7 Qxg7 22. Qf4 $16) (20... Nxe4 21. Rxc6 Rxc6 22. Qxe4 $16) (20... Bxe4
$2 {Ftacnik} 21. Bxf6 $18) 21. Qf4 Qe7 (21... Nh5 {Ftacnik} 22. Qe3) 22. Rc3 $1
Nh5 23. Qe3 Nf6 24. Qf4 Nh5 25. Qc1 $1 Bxe5 (25... Nf6 26. Bb5 $14 {><c8}) (
25... f6 {Ftacnik} 26. Bh2 e5 27. dxe5 fxe5 28. Qa3 $16) 26. dxe5 Kh7 (26...
Qb4 27. Rc4 Qf8 28. g4 Bb5 29. Rxc8 Rxc8 30. Qe3 Bxf1 31. Rxf1 Ng7 32. Qxh6 $18
) 27. Qe3 $6 {Leko: Schwarz hat zuviele Schwächen,deshalb ist seine Stellung
hoffnungslos.} (27. Nh2 $5 {This interesting tactical idea was pointed out by
Leko.} Qxh4 $140 $2 (27... Bd7 {this seemingly only defence was thought up by
Peter during the game} 28. Rxc8 Rxc8 29. Qd2 $16 {and Black can't prevent
Nh2-g4}) 28. g4 $1 Ng7 29. Rh3 $18) 27... b6 (27... a6 28. Rec1 Qd7 29. Rd3 (
29. Be2 Ng7 30. Rd3 Qc7 31. Nd4 Qxe5 32. Nxc6 bxc6 33. Rxd8 Rxd8 34. Bxa6 $10)
29... Qc7 30. Nd4 Qxe5 31. Nxc6 bxc6 32. Rxd8 Rxd8 33. Bxa6 Nf6 34. f3 $10) 28.
Rec1 Bb7 29. Rxc8 Rxc8 (29... Bxc8 {Leko} 30. g3 $16) 30. Rxc8 Bxc8 31. g3 Ng7
(31... Qc5 {Ftacnik} 32. Qxc5 bxc5 33. Nd2 Bb7 34. g4 Nf4 35. f3 Kg7 36. Nb3
$16) 32. Nd2 $1 {the knight is aiming at d6 square} Ne8 33. Qd4 $1 (33. Nc4 $2
Ba6 $1) 33... Qd7 34. Qb4 Kg7 (34... Bb7 {Leko} 35. Bb5 Bc6 36. Bxc6 Qxc6 37.
Qf8 Qd7 38. Nc4 $18) (34... a5 {Ftacnik} 35. Qb2 Qb7 36. f3 $16) (34... Nc7 {
Ftacnik} 35. Nc4 Kg8 36. Nd6 Ba6 37. f4 $16) 35. Bb5 $1 Qd8 36. Bxe8 Qxe8 {
Hecht: DS-DL: guter S bei Raumvorteil, Angriff nach schwarzem Fehler Zug 40 
The Q and N are stronger in attack than the pair Q and B.} 37. Nc4 {Der
Verheltnis Q+N gegen Q+B und ><f6,gibt Weiß gute AngriffChancen am Königsflügel
} Qc6 38. Nd6 Qc1+ 39. Kh2 $1 (39. Kg2 Ba6 $1 $132) 39... Bd7 (39... Ba6 40.
Ne8+ Kg8 41. Qe7 $18 (41. Qe7 {Leko} Qc5 42. Qf6 Qf8 43. Nd6 $18)) (39... Qc2
$142 {Mowsziszian,K} 40. Ne8+ Kh7 41. Nf6+ Kg7 42. Kg2 Bb7) 40. Qb3 $1 {
Black has no defence against Qf3! /\Qf3} f5 {Der letzte Chance.} (40... Qc7 41.
Qf3 Bc6 (41... Ba4 {Ftacnik} 42. Qf6+ Kg8 43. g4 a6 44. h5 gxh5 45. gxh5 $18)
42. Qf6+ Kg8 43. h5 $18 (43. h5 {Hecht} gxh5 44. Qxh6 $16)) (40... Qc5 {Hecht}
41. Qf3 Qxe5 42. Qxf7+ Kh8 43. Qxd7 $18) (40... Qe1 {Ftacnik} 41. Qf3 $18) 41.
exf6+ Kxf6 42. Qf3+ Ke5 (42... Ke7 43. e5 Kd8 (43... Bc6 44. Qf7+ Kd8 45. Qf8+
Kd7 46. Qe8+ Kc7 47. Qc8#) 44. Qa8+ Ke7 (44... Bc8 {Hecht} 45. Qxa7 Qc5 46. Qf7
$18 Bd7 $2 (46... Qxe5 $2 47. Qf8+ Kd7 48. Nxc8) 47. Nb7+) 45. Qh8 $18 (45. Qh8
Bc6 46. Qf6+ Kd7 47. Qf7+ Kd8 48. Qf8+ Kd7 49. Qe8+ Kc7 50. Qc8#)) 43. Nf7+ Kd4
44. Qf6+ Kxe4 (44... Kd3 {Hecht} 45. Ne5+ (45. Ne5+ Kxe4 46. Nxd7 $18)) (44...
Kc4 45. Ne5+) (44... Kc5 45. Qe7+ Kc6 46. Qd6+) 45. Qxg6+ Kd4 (45... Kf3 46.
Ne5+ Kxf2 47. Nd3+) (45... Kd5 46. Qd3+ $18) 46. Qg7+ Ke4 (46... Kc5 47. Qe5+
$18 (47. Qe5+ Kb4 48. Qd4+ $18)) (46... Kd5 47. Qe5+ Kc6 (47... Kc4 48. Qc7+
$18) 48. Nd8#) 47. Nd6+ Kf3 (47... Kd5 {Ftacnik} 48. Qxd7 $18) 48. Qxd7 Kxf2
49. Qf7+ 1-0

[Event "World Cup"]
[Site "Reykjavik"]
[Date "1991.??.??"]
[Round "14"]
[White "Karpov, Anatoly"]
[Black "Ehlvest, Jaan"]
[Result "1-0"]
[WhiteElo "2730"]
[BlackElo "2605"]
[Annotator "Salov,V"]
[PlyCount "75"]
[EventDate "1991.09.??"]
[EventType "tourn"]
[EventRounds "15"]
[EventCountry "ISL"]
[EventCategory "16"]
[SourceTitle "CBM 026"]
[Source "ChessBase"]
[SourceDate "1992.02.01"]
[SourceVersion "1"]
[SourceVersionDate "1992.02.01"]
[SourceQuality "1"]

1. d4 {Ftacnik} Nf6 2. c4 g6 3. Nc3 d5 4. cxd5 Nxd5 5. e4 Nxc3 6. bxc3 Bg7 7.
Be3 c5 8. Qd2 O-O (8... Qa5 9. Nf3 Nc6 10. Rc1 cxd4 11. cxd4 Qxd2+ 12. Kxd2 O-O
13. Bb5 f5 14. exf5 Rxf5 15. Bc4+ Kh8 16. Rhd1 {TN} (16. h4) 16... Rf8 17. d5
Na5 18. Bb5 Bg4 19. Ke2 a6 20. Bd3 Rad8 $10 {Seirawan-Ehlvest,Reykjavik 1991})
9. Nf3 (9. Rc1 Nd7 10. Bd3 $6 (10. d5 $142 Nf6 11. f3 $14) 10... e5 $1 11. Nf3
exd4 12. cxd4 cxd4 13. Nxd4 Ne5 $15 {Yusupov-Timman,Belgrade 1989}) 9... Nd7 {
TN} (9... Bg4 10. Ng5 $1 cxd4 11. cxd4 Nc6 12. h3 Bd7 13. Nf3 Rc8 14. Rb1 Na5
15. Bd3 Be6 16. O-O Bc4 17. Rfd1 b5 18. Bg5 a6 19. Rbc1 Bxd3 20. Rxc8 Qxc8 21.
Qxd3 $14 {Karpov-Kasparov,Lyon(m/17)1990}) 10. Bd3 Nb6 $6 (10... e5 $5 11. d5 (
11. dxe5 b6) 11... f5 $1 $132 (11... f5 {Ftacnik} 12. Bg5 $14)) 11. h3 $1 (11.
dxc5 $2 Na4 12. Bd4 Qa5 $17) (11. O-O Bg4 $1 12. Ne5 Bxe5 13. dxe5 c4 14. Bc2
Qxd2 15. Bxd2 Be2 $132) (11. Bh6 {Ftacnik} cxd4 12. cxd4 Bg4 13. Bxg7 Kxg7 $10)
11... Na4 (11... cxd4 12. cxd4 f5 13. O-O fxe4 14. Bxe4 Nd5 $14) (11... c4 {
Ftacnik} 12. Bc2 f5 13. Bh6 fxe4 14. Bxg7 Kxg7 15. Bxe4 $16) 12. Rc1 Re8 $6 (
12... Qa5 13. O-O (13. Bh6 {Ftacnik} Bxh6 14. Qxh6 Nxc3 15. Qd2 cxd4 16. Nxd4
Rd8 17. Rxc3 Rxd4 18. Rxc8+ $18) 13... Rd8 14. Rfd1 $14) 13. Bh6 Bh8 14. Bc4 e6
15. O-O Qa5 16. Bb3 b5 $5 (16... Bd7 17. Ne5 $1 Bb5 $2 18. c4 $18) (16... cxd4
{Ftacnik} 17. cxd4 Qxd2 18. Bxd2 Nb6 19. Rc7 $16) 17. Rfe1 Bb7 18. Qf4 Rac8 (
18... Nxc3 $2 19. Ne5 Re7 20. Ng4 $18) 19. Bxa4 $1 bxa4 (19... Qxa4 20. Ne5 f5
(20... f6 21. Nd7) 21. Qg5 $40 (21. Qg3 {Ftacnik} Bxe4 22. Nxg6 $18)) 20. h4 (
20. Ne5 Qc7 $1) 20... Qc7 21. Qe3 Qa5 22. Bf4 (22. h5 $6 {Ftacnik} cxd4 23.
cxd4 Qxh5) 22... f5 $6 (22... cxd4 23. cxd4 Rxc1 24. Rxc1 Rc8 $16) 23. exf5
cxd4 24. cxd4 Qxf5 (24... Bxf3 $2 25. Rxc8 $18) (24... Rxc1 25. Qxc1 (25. Rxc1
$5 Bxf3 26. fxg6 $40 (26. Rc8 $1 {Ftacnik} Rxc8 27. Qxe6+ Kg7 28. f6+ Kf8 29.
Bd6#)) 25... Bxf3 26. Rxe6 Rf8 27. gxf3 Qxf5 28. Qc4 $18) 25. Ne5 Bd5 26. a3
Bg7 (26... Rxc1 27. Rxc1 Qe4 (27... Bxe5 {Ftacnik} 28. Bxe5 Qe4 29. Qg5 $18)
28. Qxe4 Bxe4 29. Rc7 $18) 27. f3 Qf8 28. Rc5 $1 Qe7 29. Bg5 Qb7 30. Rec1 $18
Rxc5 31. Rxc5 Qb3 (31... Rc8 32. Rxc8+ Qxc8 33. Bh6 Bh8 34. Qf4 $18) 32. Rc3
Qb1+ 33. Kh2 Bf8 34. Ng4 $18 Bd6+ 35. Bf4 Be7 36. Rc7 Qb3 37. Qe5 (37. Nh6+ {
Ftacnik} Kf8 38. Qe5 $18) 37... h5 38. Nf6+ 1-0

[Event "Hoogovens"]
[Site "Wijk aan Zee"]
[Date "1991.01.??"]
[Round "1"]
[White "Seirawan, Yasser"]
[Black "Sokolov, Ivan"]
[Result "1/2-1/2"]
[WhiteElo "2595"]
[BlackElo "2570"]
[Annotator "Salov,V"]
[PlyCount "64"]
[EventDate "1991.01.??"]
[EventType "tourn"]
[EventRounds "13"]
[EventCountry "NED"]
[EventCategory "14"]
[SourceTitle "CBM 022"]
[Source "ChessBase"]
[SourceDate "1991.06.01"]
[SourceVersion "1"]
[SourceVersionDate "1991.06.01"]
[SourceQuality "1"]

1. d4 Nf6 2. c4 g6 3. Nc3 d5 4. cxd5 Nxd5 5. e4 Nxc3 6. bxc3 Bg7 7. Be3 c5 8.
Qd2 Qa5 9. Rb1 a6 10. Nf3 Nc6 11. Be2 (11. Rc1 cxd4 12. cxd4 Qxd2+ 13. Kxd2 f5
14. Bd3 Rf8 15. exf5 Bxf5 $10 {Yusupov,A-Kasparov,G Reykjavik WCup1988}) 11...
O-O (11... Bg4 $6 12. Rxb7 Bxf3 13. Bxf3 cxd4 14. cxd4 Qxd2+ 15. Kxd2 Nxd4 16.
Rc1 $14) 12. Rb3 b5 13. Bh6 (13. d5 $4 c4 $19) 13... Bg4 14. Bxg7 Kxg7 15. d5
Rad8 16. Rb2 $2 (16. O-O $142 e6 (16... Bxf3 17. Bxf3 Nd4 18. Rb2 Nxf3+ 19.
gxf3 e6 20. c4 $10) 17. Qb2 $1 exd5 18. exd5 Bxf3 19. Bxf3 Ne5 20. c4 f6 21.
cxb5 c4 22. Ra3 Qxb5 23. Qc3 Nxf3+ 24. Qxf3 Qxd5 25. Rxa6 $10) 16... e6 17. O-O
exd5 18. exd5 Ne7 (18... Bxf3 19. Bxf3 Ne5 $15) 19. c4 Qxd2 20. Rxd2 Bxf3 (
20... bxc4 $5 21. Bxc4 Bxf3 22. gxf3 Nf5 $15) 21. Bxf3 Nf5 22. cxb5 axb5 23.
Rc1 $1 $10 Rc8 (23... c4 24. a4 $1 Nd6 25. axb5 Rb8 26. Rb2 Rb6 27. Be2 $10)
24. Bg4 c4 25. Bxf5 gxf5 26. d6 Rc5 27. d7 Rd8 28. Kf1 Kf6 29. a3 Ke6 30. Re1+
Re5 31. Red1 Rc5 32. Re1+ Re5 1/2-1/2

[Event "Hoogovens"]
[Site "Wijk aan Zee"]
[Date "1991.01.??"]
[Round "4"]
[White "Seirawan, Yasser"]
[Black "Olafsson, Helgi"]
[Result "1-0"]
[WhiteElo "2595"]
[BlackElo "2590"]
[Annotator "Salov,V"]
[PlyCount "81"]
[EventDate "1991.01.??"]
[EventType "tourn"]
[EventRounds "13"]
[EventCountry "NED"]
[EventCategory "14"]
[SourceTitle "CBM 022"]
[Source "ChessBase"]
[SourceDate "1991.06.01"]
[SourceVersion "1"]
[SourceVersionDate "1991.06.01"]
[SourceQuality "1"]

1. d4 {Ftacnik} Nf6 2. c4 g6 3. Nc3 d5 4. cxd5 Nxd5 5. e4 Nxc3 6. bxc3 Bg7 7.
Be3 c5 8. Qd2 Qa5 9. Nf3 Nc6 10. Rc1 cxd4 11. cxd4 Qxd2+ 12. Kxd2 O-O 13. Bb5
f5 (13... Rd8 {Ftacnik} 14. Bxc6 bxc6 15. Rc5 Rb8 16. Rhc1 Bd7 17. Ne5 $1 $16)
14. exf5 Bxf5 (14... Rxf5 15. Bxc6 bxc6 16. Rxc6 Bb7 17. Rc5 (17. Rc7 $5) 17...
Rd8 $10 {Federau-Behrmann,BL 1988}) 15. Bxc6 (15. Ke2 $5 Rac8 16. Rhd1 Nb4 17.
Bc4+ Kh8 18. Bb3 Bc2 19. Bxc2 Nxc2 20. Kd2 Nxe3 $6 (20... Na3 $5) 21. fxe3 Kg8
22. Kd3 $14 {Speelman-Short,m(3)1991}) 15... bxc6 16. Rxc6 Rab8 17. Kc3 Rb5 (
17... Be4 18. Rc7 Rf6 (18... Bxf3 {Ftacnik} 19. gxf3 e5 20. d5 e4+ 21. Kc4 Rb2
22. d6 $1 $16) (18... Rfc8 19. Rxc8+ Rxc8+ 20. Kb4 $14) 19. Ra1 Ra6 20. a4 Bf6
21. Ne5 Rab6 22. Nd7 Rb3+ $10 {Browne-Vaganjan,Thessaloniki(ol)1984}) 18. Rc1 (
18. a4 $5) 18... Ra5 (18... Rfb8 19. Bf4 $22 (19. Ra6 $1 {Ftacnik} Rc8+ 20. Kd2
Rb2+ 21. Kd1 $16) 19... Rb1 20. Rxb1 Rxb1 21. Rc7 $16) 19. Ra1 (19. Kb2 $6 {
Ftacnik} Rb8+ 20. Ka1 Rab5 21. Nd2 e5 $1 $40) 19... Rb8 (19... Ra3+ {Ftacnik}
20. Kb4 Rd3 21. a4 $1 Rb8+ $2 22. Ka5 $16) 20. a4 Be4 21. Rc7 Bxf3 $6 22. gxf3
e6 (22... e5 23. d5 $1 (23. Rd1 $5 {Ftacnik}) 23... Rxd5 (23... e4+ 24. Rxg7+
Kxg7 25. fxe4 $16) 24. Kc4 $16) (22... Bf6 $1 $16 {Ftacnik}) 23. Ra2 e5 $6 (
23... Bf8 $142 24. d5 (24. Bf4 Rf5 $1) 24... Bb4+ $1 25. Kc2 Rxd5 26. Rxa7 Rc8+
27. Kb3 (27. Kb1 $5) 27... Rb8 $10 28. Kc4 $4 Be1 $1 $19) 24. d5 Rxd5 25. Bxa7
Rb1 26. Be3 Ra5 27. Kc4 Bf8 28. Bd2 Ra6 29. a5 Bd6 30. Rd7 e4 $6 (30... Bf8
$142) 31. fxe4 Bxh2 32. Kd3 h5 33. Rc2 Rb8 34. f4 g5 35. fxg5 Bg3 36. Rc5 h4
37. Bc3 $18 Rd6+ 38. Rxd6 Bxd6 39. Rd5 Bg3 40. g6 Kf8 41. Bf6 1-0

[Event "ITA-chT 47th"]
[Site "Civitanova Marche"]
[Date "2015.05.01"]
[Round "5.1"]
[White "Altini, Nicola"]
[Black "Vachier Lagrave, Maxime"]
[Result "1-0"]
[WhiteElo "2410"]
[BlackElo "2765"]
[Annotator "Schulz,Andre"]
[PlyCount "99"]
[EventDate "2015.04.29"]
[EventType "team-swiss"]
[EventRounds "7"]
[EventCountry "ITA"]
[SourceTitle "CBM 166 Extra"]
[Source "ChessBase"]
[SourceDate "2015.06.18"]
[SourceVersion "1"]
[SourceVersionDate "2015.06.18"]
[SourceQuality "1"]
[WhiteTeam "Montesilvano Arrocco"]
[BlackTeam "Padova"]
[WhiteTeamCountry "ITA"]
[BlackTeamCountry "ITA"]

1. d4 Nf6 2. c4 g6 3. Nc3 d5 4. cxd5 Nxd5 5. Bd2 Nb6 (5... Bg7 6. e4 Nb6 7. Be3
O-O 8. Bb5 Be6 9. Nf3 c6 10. Be2 {1/2-1/2 (10) Bacrot,E (2704)-Vachier Lagrave,
M (2699) Le Port Marly 2012}) 6. Bg5 Bg7 7. Nf3 O-O 8. e3 (8. Rc1 h6 9. Bh4 g5
10. Bg3 c5 11. d5 e6 12. d6 Nd5 13. h4 g4 14. Ne5 Qxd6 15. e4 f5 16. exf5 Bxe5
17. Nb5 Qc6 18. Bxe5 exf5 19. Nd6 Nb6 20. f3 Be6 21. Bb5 Qd5 22. Qe2 N8d7 23.
Bf4 gxf3 24. gxf3 Kh7 25. Rd1 Qxa2 26. Kf2 Rf6 27. Rhg1 Raf8 28. Be5 Nxe5 29.
Qxe5 Nd7 30. Bxd7 Bxd7 31. Ne4 fxe4 32. Rxd7+ Kh8 33. Rg6 {1-0 (33) Morozevich,
A (2747)-Shirov,A (2720) Pamplona 2006}) 8... Bf5 {Dieser Zug kam in der
Turnierparxis bisher kaum vor.} ({Hier wurden eine Reihe von anderen Zügen
ausprobiert:} 8... h6) (8... Nc6) (8... c5) (8... N8d7) ({oder} 8... Be6) 9.
Be2 N8d7 (9... Nc6 10. O-O Qd7 11. Rc1 e5 12. dxe5 Nxe5 13. Nxe5 Qxd1 14. Rfxd1
Bxe5 15. e4 Be6 16. b3 c6 17. f4 Bg7 18. g4 f6 19. Bh4 Bh6 20. Bg3 Rfd8 21. h4
Bf8 22. f5 Bf7 23. g5 gxf5 24. exf5 Re8 25. Bd6 Nd5 26. Nxd5 Bxd5 27. Bxf8 Rxe2
28. Bb4 fxg5 29. Rd4 gxh4 30. Rxh4 Rae8 31. Rg4+ Kf7 32. Bc3 Rg8 33. Rxg8 Kxg8
34. Re1 Rg2+ 35. Kf1 Rg3 36. Bd4 Rf3+ 37. Ke2 Rxf5 38. Bxa7 h5 39. Rg1+ Kf7 40.
Rf1 Rxf1 41. Kxf1 h4 42. Bf2 h3 43. Kg1 Ke6 44. Kh2 Bg2 45. a4 Kd5 46. b4 Kc4
47. Be1 b6 48. a5 bxa5 49. bxa5 Kb5 50. Kg3 c5 51. Kh2 c4 {1/2-1/2 (51)
Englert,F (2290)-Brookes,C (2136) Hoogeveen 2013}) 10. Bh4 h6 11. O-O Nf6 (
11... Re8 12. Rc1 c6 13. h3 g5 14. Bg3 Nf6 15. Ne5 Nfd5 16. Qd2 f6 17. Nc4 Bg6
18. f3 Qd7 19. Rfd1 Rad8 20. e4 Nxc3 21. bxc3 Bf7 22. Nxb6 axb6 23. c4 f5 24.
d5 e6 25. d6 f4 26. Bf2 c5 27. Rb1 Qc6 28. g3 Be5 29. gxf4 Bxf4 30. Qb2 Rxd6
31. Rxd6 Qxd6 32. Qxb6 Qxb6 33. Rxb6 Ra8 34. Bxc5 Rxa2 35. Kf2 e5 36. Rb4 Be6
37. Be3 Bh2 38. h4 gxh4 39. Bxh6 Bg3+ 40. Ke3 h3 41. Rxb7 Ra1 42. Rg7+ Kh8 43.
Rxg3 h2 44. Bg7+ Kh7 45. Bxe5 Ra3+ 46. Bd3 h1=Q {0-1 (46) Rosales,P (1785)
-Cori Quispe,K (1990) Lima 2012}) 12. Rc1 c6 13. Ne5 Re8 14. g4 Bc8 (14... Be6)
15. Bf3 Be6 16. Bg3 Nbd7 17. Na4 Rc8 18. b3 Qa5 19. Qe2 Nxe5 20. Bxe5 Nd7 21.
Bg3 f6 $6 {Mit der Idee Lf7 und e5, aber dazu kommt Schwarz nicht.} 22. Rfd1
Bf7 23. Nc5 Nxc5 24. Rxc5 Qb6 25. Qc2 {Mit der Idee d5 und/oder Le4.} e6 26. d5
exd5 27. Bxd5 Bxd5 28. Rdxd5 Rcd8 $2 (28... Red8 {war hingegen möglich.}) 29.
Qxg6 {Eine unangenehme Überraschung. Es droht nun auch Td7.} cxd5 (29... Re6
30. Re5 Rxe5 31. Rxe5 Qb4 (31... fxe5 32. Bxe5 Rd7 33. Qe8+ Kh7 34. Qxd7 {
gefolgt von Matt.}) 32. Re6 $18 {war auch nicht schön.}) 30. Rc7 {Das ist die
Pointe. Nach Ted8 wäre das nicht möglich gewesen.} Qxc7 31. Bxc7 Rc8 32. Bf4
Re7 33. Bxh6 Rd8 34. h3 Rd6 35. Bf4 Rdd7 36. Bh6 Rd6 37. Bf4 Rdd7 38. Kg2 a6
39. Bh6 Rd6 40. Bf4 Rdd7 41. Kf3 d4 42. exd4 Rxd4 43. Be3 Rd5 44. h4 {Der
Vormarsch des h-Bauern entscheidet.} f5 45. g5 Rde5 46. Qb6 f4 47. Bxf4 Rf7 48.
Kg3 Ref5 49. Be3 Be5+ 50. Kg4 1-0

[Event "Bergamo ACP Golden Classic"]
[Site "Bergamo"]
[Date "2014.07.14"]
[Round "3.3"]
[White "Brunello, Sabino"]
[Black "Sutovsky, Emil"]
[Result "1-0"]
[WhiteElo "2568"]
[BlackElo "2620"]
[Annotator "Schulz,Andre"]
[PlyCount "49"]
[EventDate "2014.07.12"]
[EventType "tourn"]
[EventRounds "7"]
[EventCountry "ITA"]
[EventCategory "17"]
[SourceTitle "CBM 162"]
[Source "ChessBase"]
[SourceDate "2014.09.17"]
[SourceVersion "1"]
[SourceVersionDate "2014.09.17"]
[SourceQuality "1"]

1. d4 Nf6 2. c4 g6 3. Nc3 d5 4. cxd5 Nxd5 5. e4 Nxc3 6. bxc3 Bg7 7. Nf3 c5 8.
Be3 Qa5 9. Qd2 O-O 10. Rc1 Bg4 ({Die Hauptvariante entsteht nach} 10... cxd4
11. cxd4 Qxd2+ 12. Nxd2 (12. Kxd2)) 11. d5 Na6 ({Beliebter, aber in der Parxis
nicht unbedingt erfolgreicher ist} 11... Rd8 12. Bd3 e6 13. c4 Qa3 14. Ng5 exd5
15. cxd5 b6 16. O-O Nc6 17. Bb5 Nb4 18. Bc4 h6 19. Nxf7 Kxf7 20. Bxh6 Qb2 21.
Qe3 Bxh6 22. Qxh6 Qe5 23. Qh7+ Kf6 24. Qh4+ Qg5 25. e5+ Kf5 26. Qh7 Ke4 27. h4
Qh5 28. Qg7 Bf5 29. Rfe1+ {1-0 (29) Fridman,D (2661)-Coenen,M (2334)
Oberhausen 2011}) ({Außerdem wurde} 11... Nd7 {versucht:} 12. c4 Qa3 13. Be2
Bxf3 14. Bxf3 Bd4 15. Bxd4 cxd4 16. O-O Ne5 17. Qxd4 Nxf3+ 18. gxf3 Qxf3 19.
Rc3 Qe2 20. f4 Qxa2 21. f5 b6 22. e5 Qb2 23. Kh1 Qe2 24. Rf2 Qe1+ 25. Kg2 Rac8
26. Rf1 Qe2+ 27. Rf2 Qe1 28. Rg3 Qb4 29. d6 (29. Qd3 Qxc4 30. fxg6 fxg6 31.
Rxg6+ hxg6 32. Qxg6+ $11) 29... Rxc4 30. Qd3 Rg4 (30... Rd4 $11) 31. d7 (31.
fxg6 hxg6 32. d7 Rd4 33. Rxg6+ $18) 31... Rd4 32. Qf3 e6 33. f6 Rxd7 34. Qe3
Rfd8 35. Qh6 Qf8 36. Qg5 h6 37. Qe3 Kh7 38. Rh3 h5 39. Rg3 Qh6 40. Rg5 Rd3 {
0-1 (40) Kramnik,V (2783)-Grischuk,A (2792) Stavanger 2014}) 12. h4 h5 (12...
f5 13. exf5 Bxf5 14. h5 Rad8 15. hxg6 Bxg6 16. Bh6 Bxh6 17. Rxh6 Rf6 18. Ne5
Qa4 19. Qe3 Qf4 20. Qxf4 Rxf4 21. Nxg6 hxg6 22. Rxg6+ Kf7 23. Rg5 Re4+ 24. Be2
Kf6 25. Rh5 Kg6 26. g4 Rf8 27. Rd1 Rf6 28. Rh8 Kg7 29. Rd8 Rb6 30. f3 Re3 31.
Rd3 Re5 32. Kf2 Rh6 33. Bf1 Rh2+ 34. Kg3 Rxa2 35. d6 exd6 36. R3xd6 Re7 37.
R6d7 {1-0 (37) Kramnik,V (2772)-Svidler,P (2754) Moscow 2009}) 13. Ng5 {
Der folgende Angriff führte in allen bisherigen Beispielen schnell zum Erfolg
für Weiß.} b5 (13... Rad8 14. f3 Bd7 15. g4 hxg4 16. h5 gxh5 17. Qh2 f6 18.
Qxh5 fxg5 19. Qh7+ Kf7 20. d6 Qxa2 21. dxe7 gxf3 22. Rh2 Qe6 23. Bxg5 Rde8 24.
Qh5+ Kg8 25. exf8=R+ Kxf8 26. Qxf3+ Kg8 27. Bd3 Rf8 28. Qh5 Rf7 29. Qh7+ Kf8
30. Bh6 Qg4 31. Bxg7+ Qxg7 32. Qxg7+ Rxg7 33. Bxa6 bxa6 34. Kd2 a5 35. Rh5 Rg4
36. Rxc5 Rxe4 37. Rxa5 a6 38. Rxa6 {1-0 (38) Leitao,R (2572)-Schuster,P (2451)
ICCF email 2010}) (13... Nc7 14. f3 Bc8 15. Be2 Qb6 16. g4 hxg4 17. h5 gxh5 18.
Rxh5 g3 19. Kf1 Qg6 20. Rh4 Qd6 21. Kg2 {1-0 (21) Galanov,S (2578)-Antonov,N 
(2241) ICCF email 2011}) 14. f3 Bd7 15. g4 hxg4 (15... b4 $5) 16. h5 {Nach
Vorbildern, die man aus ähnlichen Stukturen aus der Königsindischen
Sämisch-Variante oder der Drachenvariante kennt.} g3 $2 (16... b4 $2 17. hxg6
Bxc3 18. Rxc3 bxc3 19. Qh2 c2+ 20. Kf2 g3+ 21. Kxg3 Qe1+ 22. Bf2 {gefolgt von
Matt.}) ({Nach} 16... gxf3 17. d6 (17. Qh2 {scheitert an} Bxc3+ 18. Kf2 Qxa2+
19. Kg3 Be5+) 17... exd6 18. hxg6 $18 {ist der weiße Angriff sehr stark.}) ({
Nach} 16... gxh5 17. Qh2 Qb6 18. Qxh5 Qg6 {wird Schwarz zumindest nicht Matt.})
17. hxg6 fxg6 18. Bh3 ({Stark war auch} 18. d6 $5 {z.B.:} e6 (18... exd6 19.
Qd5+) 19. Rg1 Bf6 20. Rxg3 Kg7 21. f4 e5 22. f5 $18) 18... Bxh3 ({Oder} 18...
Rad8 19. Qg2 Bxc3+ 20. Kf1 $18) 19. Rxh3 b4 {Schwarz bricht nun im Nu zusammen.
} 20. Rxg3 (20. d6 $1) 20... bxc3 21. Qh2 Rf6 22. e5 Rb6 23. Qh7+ Kf8 24. e6
c2+ 25. Kf2 {Gegen einfach Dxg6 und Df7# gibt es kein Mittel.} 1-0